| 000 | nam a22 7a 4500 | ||
|---|---|---|---|
| 999 |
_c129705 _d129705 |
||
| 008 | 190815b xxu||||| |||| 00| 0 eng d | ||
| 050 |
_aPR9405.9.K35 _bM6 |
||
| 100 |
_aKalimamukwento, Mubanga _947818 |
||
| 245 |
_aThe mourning bird _cMubanga Kalimamukwento |
||
| 260 |
_aSouth Africa _bJacana Media _c2019 |
||
| 300 |
_a193p. ; _c23cm. |
||
| 942 |
_2lcc _cMONOGRAPH |
||